000
00228nam a2200097Ia 4500
008
190216s9999||||xx |||||||||||||| ||und||
100
_a
Mahadevi Varma
245
0
_a
Hindi-Nuraja
260
_b
Mac Millian And Com. Ltd
942
_c
BK
999
_c
18045
_d
18045